Loading...
| Fine Arts - Classical Music | 11 | 21.82 | 100% | 91% | 27% |
| Fine Arts - Other Fine Arts | 10 | 20.00 | 90% | 80% | 30% |
| Fine Arts - Painting & Sculpture | 12 | 20.00 | 100% | 83% | 17% |
| History - American History | 8 | 20.00 | 100% | 88% | 13% |
| History - European History | 10 | 17.00 | 80% | 70% | 20% |
| History - Other History | 8 | 13.75 | 88% | 50% | 0% |
| History - World History | 8 | 16.25 | 88% | 63% | 13% |
| Literature - American Literature | 12 | 22.50 | 100% | 92% | 33% |
| Literature - British Literature | 8 | 20.00 | 100% | 63% | 38% |
| Literature - European Literature | 9 | 21.11 | 100% | 89% | 22% |
| Literature - World Literature | 11 | 20.91 | 100% | 82% | 27% |
| Mythology | 10 | 18.00 | 90% | 80% | 10% |
| Other | 9 | 17.78 | 89% | 78% | 11% |
| Philosophy | 10 | 21.00 | 100% | 70% | 40% |
| Religion | 7 | 17.14 | 100% | 57% | 14% |
| Science - Biology | 9 | 16.67 | 100% | 56% | 11% |
| Science - Chemistry | 8 | 13.75 | 100% | 38% | 0% |
| Science - Other Science | 11 | 19.09 | 100% | 73% | 18% |
| Science - Physics | 8 | 12.50 | 88% | 25% | 13% |
| Social Science | 7 | 15.71 | 100% | 43% | 14% |